<?xml version="1.0" encoding="UTF-8"?>
<record
    xmlns:xsi="http://www.w3.org/2001/XMLSchema-instance"
    xsi:schemaLocation="http://www.loc.gov/MARC21/slim http://www.loc.gov/standards/marcxml/schema/MARC21slim.xsd"
    xmlns="http://www.loc.gov/MARC21/slim">

  <leader>00201nam a2200085   4500</leader>
  <controlfield tag="001">1258554</controlfield>
  <controlfield tag="005">20260312191238.0</controlfield>
  <datafield tag="245" ind1=" " ind2=" ">
    <subfield code="a">&#xC7;A&#x11E;LAYANLAR</subfield>
    <subfield code="c">AHMET M&#x130;THAT M&#xDC;FT&#xDC;O&#x11E;LU</subfield>
  </datafield>
  <datafield tag="260" ind1=" " ind2=" ">
    <subfield code="b">AKVARYUM YAYINLARI</subfield>
  </datafield>
  <datafield tag="999" ind1=" " ind2=" ">
    <subfield code="c">1258554</subfield>
    <subfield code="d">1258554</subfield>
  </datafield>
  <datafield tag="952" ind1=" " ind2=" ">
    <subfield code="0">0</subfield>
    <subfield code="1">0</subfield>
    <subfield code="2">ddc</subfield>
    <subfield code="4">0</subfield>
    <subfield code="7">0</subfield>
    <subfield code="a">1058</subfield>
    <subfield code="b">1058</subfield>
    <subfield code="d">2026-03-12</subfield>
    <subfield code="l">0</subfield>
    <subfield code="o">Q8</subfield>
    <subfield code="p">10581010448</subfield>
    <subfield code="r">2026-03-12 19:13:17</subfield>
    <subfield code="w">2026-03-12</subfield>
    <subfield code="y">BK</subfield>
  </datafield>
</record>
